000 00368nam a2200145Ia 4500
008 230711s9999||||xx |||||||||||||| ||und||
041 _aENG
082 _a624
_bBA-B
100 _aBakht,Baidar
245 0 _aBridge analysis simplified
250 _a1st Ed.
260 _c1987
_aNew York
_bTata McGraw Hill Education Limited
650 _aCivil Engineering
942 _cBK
999 _c1027
_d1027